000 01524cam a2200349 i 4500
999 _c19771
_d19771
001 4125138
005 20170117141420.0
008 760618s1977 vaua c 001 0deng
010 _a 76021073
020 _a0813906326
043 _an-us---
050 0 0 _aNC910.5.E3A4 1977
100 1 _aEdouart, Augustin-Amant-Constant-Fidèle,
_d1789-1861.
240 1 0 _aSilhouettes of eminent Americans, 1839-1844
245 1 0 _aAuguste Edouart's Silhouettes of eminent Americans, 1839-1844 /
_cAndrew Oliver.
260 _aCharlottesville :
_bPublished for the National Portrait Gallery, Smithsonian Institution, by the University Press of Virginia,
_c1977.
300 _axv, 553 p. :
_bill. ;
_c31 cm.
500 _a"Catalogue of 3,800 American silhouettes by Edouart" by E. Jackson: p. 509-549.
500 _aIncludes index.
600 1 0 _aEdouart, Augustin-Amant-Constant-Fidèle,
_d1789-1861
_vCatalogs.
650 0 _aSilhouettes
_zUnited States
_vCatalogs.
651 0 _aUnited States
_xBiography
_xPortraits
_vCatalogs.
700 1 _aOliver, Andrew,
_d1906-1981.
700 1 2 _aJackson, Emily,
_d1861-
_tCatalogue of 3,800 named and dated American silhouette portraits by August Edouart, 1789-1861.
_f1976.
740 0 _aSilhouettes of eminent Americans, 1839-1844.
942 _2lcc
_cBOOKS
_hNC910.5.E3A4 1977